La nana y el iceberg / (Record no. 106842)

MARC details
000 -CABECERA
campo de control de longitud fija 00619nam a2200217 a 4500
005 - FECHA Y HORA DE LA ÚLTIMA TRANSACCIÓN
campo de control 20230317095210.0
008 - ELEMENTOS DE LONGITUD FIJA--INFORMACIÓN GENERAL
campo de control de longitud fija 040913s1999 mx r 000 0 spa d
020 ## - NÚMERO INTERNACIONAL NORMALIZADO PARA LIBROS
Número Internacional Estándar del Libro 9686941576
035 ## - NÚMERO DE CONTROL DEL SISTEMA
Número de control de sistema UPN01000134691
049 ## - COLECCIÓN
Colección CG
050 #4 - SIGNATURA TOPOGRÁFICA DE LA BIBLIOTECA DEL CONGRESO
Número de clasificación PR9309.9 D6.7
Número de documento/Ítem N3.6
100 1# - ASIENTO PRINCIPAL--NOMBRE PERSONAL
Nombre de persona Dorfman, Ariel,
Fechas asociadas al nombre 1942-
9 (RLIN) 30722
245 13 - MENCIÓN DE TÍTULO
Título La nana y el iceberg /
Mención de responsabilidad, etc. Ariel Dorfman.
260 ## - PUBLICACIÓN, DISTRIBUCIÓN, ETC.
Lugar de publicación, distribución, etc. México :
Nombre del editor, distribuidor, etc. Seix Barral,
Fecha de publicación, distribución, etc. 1999.
300 ## - DESCRIPCIÓN FÍSICA
Extensión 413 p.
440 #0 - MENCIÓN DE SERIE/ASIENTO SECUNDARIO--TÍTULO
Título Biblioteca breve
650 #0 - ASIENTO SECUNDARIO DE MATERIA - TERMINO TEMATICO
Término de materia o nombre geográfico como elemento de entrada Padres e hijos
Subdivisión de forma Novela
9 (RLIN) 12603
650 #2 - ASIENTO SECUNDARIO DE MATERIA - TERMINO TEMATICO
Término de materia o nombre geográfico como elemento de entrada Conducta sexual
Subdivisión de forma Novela
9 (RLIN) 11486
650 #4 - ASIENTO SECUNDARIO DE MATERIA - TERMINO TEMATICO
Término de materia o nombre geográfico como elemento de entrada CONDUCTA SUICIDA -
Subdivisión de forma NOVELA
9 (RLIN) 379
905 ## - TIPO DE MATERIAL
Tipo de material Libro
Holdings
Estado de retiro Estado de pérdida Fuente del sistema de clasificación o colocación Estado dañado No para préstamo Código de colección Localización permanente Ubicación/localización actual Ubicación en estantería Total de préstamos Clasificación Código de barras Fecha visto por última vez Número de copia Tipo de ítem Koha
    Library of Congress Classification     Colección General Bib. Gregorio Torres Quintero Bib. Gregorio Torres Quintero Planta baja 1 PR9309.9 D6.7 N3.6 198314 31/12/2020 1 Libro